000 00798nam a2200217 i 4500
001 144735
003 ES-MaACL
005 20251003063130.0
007 t|
008 070214s1965 sp r ||||1| spa d
100 1 _aSkorzeny, Otto,
_d1908-1975
_9106756
245 1 0 _aVive peligrosamente /
_cOtto Skorzeny ; [versión... M.C. ; revisada por A.L. y J.A.Ll.].
250 _a1ª ed.
260 _aBarcelona :
_bAcervo,
_c1965 (
_fG.A.S.A.)
300 _a386 p., [7] h. de lám. ;
_c20 cm.
650 _aGuerra mundial, 1939-1945-
_xServicios secretos-
_zAlemania.
_9163961
650 4 _aGuerra mundial, 1939-1945-
_vRelatos personales alemanes.
_913255
650 4 _aGuerra mundial, 1939-1945-
_xOperaciones de comandos.
_9163962
852 _aES-MaACL
_jC-27844
999 _c144735
_d144735